Pokémon de type Normal - Mort Subite - Statistiques

Statistiques générales
  • Ce quiz a été pris 695 fois
    21 depuis la dernière actualisation
  • Le résultat moyen est 14 sur 20
Answers on the Grid
Answers color-coded by a green-red scale on the quiz's grid according to % correct below.
Kangourex
Queulorior
Coudlangue
Argouste
Couafarel
Draïeul
Azurill
Némélios
Tag-Tag
Girafarig
Ixon
Tapatoès
Tylton
Doduo
Chaffreux
Gouroutan
Arboliva
Grodoudou
Deusolourdo
Motorizard
Vostourno
Sinistrail
Lippouti
Tiboudet
Chamallot
Qwilfish
Wailord
Cadoizo
Solochi
Pérégrain
Séviper
Corayon
Bibichut
Briochien
Kaimorse
Otaquin
 
Statistiques - réponses
Réponse % Correct
Coudlangue
84%
Queulorior
84%
Couafarel
79%
Motorizard
79%
Argouste
74%
Chaffreux
74%
Deusolourdo
74%
Doduo
74%
Grodoudou
74%
Kangourex
74%
Gouroutan
68%
Azurill
63%
Draïeul
63%
Girafarig
63%
Ixon
63%
Némélios
63%
Tapatoès
63%
Tylton
58%
Arboliva
53%
Tag-Tag
47%
Aucun quiz correspondant
Distribution des résultats
% des personnes avec chaque résultat
Percentile par nombre de réponses
Votre historique - résultats
Vous n’avez pas pris ce quiz depuis la dernière actualisation